Машины и аппараты химических производств: конспект лекций

গ্রন্থ-পঞ্জীর বিবরন
প্রধান লেখক: Кузьмин С. И. Сергей Иванович
সংস্থা লেখক: Кузбасский политехнический институт
ভাষা:রুশ
প্রকাশিত: Кемерово, Изд-во КПИ, 1977
বিষয়গুলি:
বিন্যাস: গ্রন্থ
KOHA link:https://koha.lib.tpu.ru/cgi-bin/koha/opac-detail.pl?biblionumber=358794

MARC

LEADER 00000nam0a2200000 4500
001 358794
005 20231102011129.0
035 |a (RuTPU)RU\TPU\retro\16066 
090 |a 358794 
100 |a 20200826d1977 m y0rusy50 ca 
101 0 |a rus 
102 |a RU 
105 |a a j 001zy 
200 1 |a Машины и аппараты химических производств   |e конспект лекций  |f С. И. Кузьмин  |g Кузбасский политехнический институт 
210 |a Кемерово  |c Изд-во КПИ  |d 1977 
215 |a 82 с.  |c ил. 
320 |a Библиогр.: с. 77-78 
606 1 |a Химические машины и аппараты  |2 stltpush  |3 (RuTPU)RU\TPU\subj\73309  |9 86361 
606 1 |a Центрифуги  |2 stltpush  |3 (RuTPU)RU\TPU\subj\31643  |9 54446 
610 1 |a учебные пособия 
610 1 |a химическая технология 
610 1 |a процессы 
610 1 |a центрифугирование 
610 1 |a виды 
610 1 |a классификация 
610 1 |a характеристики 
675 |a 66.02(075.8)  |v 4 
675 |a 66.067.5(075.8)  |v 4 
700 1 |a Кузьмин  |b С. И.  |g Сергей Иванович 
712 0 2 |a Кузбасский политехнический институт  |c (Кемерово)  |c (1965-1993)  |2 stltpush  |3 (RuTPU)RU\TPU\col\4382  |9 23965 
801 1 |a RU  |b 63413507  |c 20200826 
801 2 |a RU  |b 63413507  |c 20210210  |g RCR 
942 |c BK